Normal view
MARC view
Entry Personal Name
001 - CONTROL NUMBER
- control field: 85251
003 - CONTROL NUMBER IDENTIFIER
- control field: dpl
005 - DATE AND TIME OF LATEST TRANSACTION
- control field: 20250929111218.0
008 - FIXED-LENGTH DATA ELEMENTS
- fixed length control field: 250929|| aca||aabn | a|a d
040 ## - CATALOGING SOURCE
- Original cataloging agency: dpl
- Transcribing agency: dpl
100 ## - HEADING--PERSONAL NAME
- Personal name: Anil Keshri
670 ## - SOURCE DATA FOUND
- Source citation: Work cat.: (dpl)213487: Anil Keshri, Lucid General Knowledge 2025-2026/, 2025
